Statistics for Airlines With the Airbus A350

Click here to take the quiz!

General Stats

  • This quiz has been taken 235 times
  • The average score is 21 of 33

Answer Stats

Answer% Correct
British
92%
Lufthansa
90%
Air France
88%
Delta
88%
Qatar
88%
Air China
87%
China
84%
Singapore
79%
Iberia
76%
Aeroflot
75%
Japan
72%
Malaysia
72%
Latam
70%
Thai
70%
Finnair
66%
China Southern
64%
Ethiopian
63%
Cathay Pacific
62%
China Eastern
61%
Asiana
60%
Vietnam
59%
Virgin Atlantic
58%
South African
54%
Phillippine
52%
Scandinavian
47%
Air Caraibes
43%
Fiji
41%
Air Mauritius
40%
Hainan
37%
French Bee
36%
Hong Kong
36%
Sichuan
28%
Evelop
22%

Score Distribution

Percentile by Number Answered

Percent of People with Each Score

Your Score History

You have not taken this quiz